Hongria : èxits i controvèrsies d'una nova democràcia / Gábor Soós èxits i controvèrsies d'una nova democràcia / Gábor Soós
ISBN:
978-84-9803-305-2
Publicado:
Barcelona :
Diputació de Barcelona. Direcció d'Anàlisi dels Governs Locals i del Territori. Centre per a la Innovació Local ,
2008
Descripción Física:
59 p. : taules ; 24 cm
Colección:
Estudis. Govern Local ; 8
MARC
| LEADER | 00000nam a2200000Ia 4500 | ||
|---|---|---|---|
| 001 | 21776 | ||
| 008 | 160829s2008 xx 000 0 cat d | ||
| 020 | |a 978-84-9803-305-2 | ||
| 080 | |a M-6-238 | ||
| 100 | |a Soós, Gábor |9 2294 | ||
| 245 | |a Hongria : |b èxits i controvèrsies d'una nova democràcia / Gábor Soós | ||
| 260 | |a Barcelona : |b Diputació de Barcelona. Direcció d'Anàlisi dels Governs Locals i del Territori. Centre per a la Innovació Local, |c 2008 | ||
| 300 | |a 59 p. : |b taules ; |c 24 cm | ||
| 490 | |a Estudis. Govern Local ; 8 | ||
| 590 | |a Bibliografia | ||
| 650 | |a Administració local |x Unió Europea, Països de la |9 39546 | ||
| 650 | |a Administració local |x Hongria |9 45840 | ||
| 650 | |a Administració pública |x Hongria |9 45841 | ||
| 710 | 1 | |a Barcelona (Catalunya : Província). |b Diputació |9 52408 | |
| 710 | 2 | |a Centre per a la Innovació Local |9 54171 | |
| 901 | |a Arxiu | ||
| 942 | |n 1 | ||
| 952 | |0 0 |1 0 |4 0 |6 M6238 |7 1 |9 52833 |a Arxiu |b Arxiu |d 2016-12-01 |l 0 |o M-6-238 |p 21776 |r 2016-12-01 00:00:00 |w 2016-12-01 |y ARXIU | ||
| 999 | |c 56682 |d 56682 | ||